| 000 | 00780cam a22002411i 4500 | ||
|---|---|---|---|
| 001 | ne 68001961 | ||
| 003 | DLC | ||
| 005 | 20260227111842.0 | ||
| 008 | 791221s1963 tu 000 0 tur | ||
| 010 | _ane 68001961 | ||
| 035 | _a(OCoLC)5818749 | ||
| 040 |
_aDLC _cAzU _dAzU _dDLC |
||
| 042 | _apremarc | ||
| 050 | 0 | 0 |
_aPL248.B48 _bZ89 no. 6 |
| 100 | 0 |
_aYahya Kemal, _d1884-1958. |
|
| 245 | 1 | 0 | _aRubâiler. |
| 260 |
_a[Yazan] _bYahya Kemal. _a[İstanbul, _bYahya Kemal Enstitüsü] _c1963. |
||
| 300 |
_a47 p. _c20 cm. |
||
| 490 | 1 |
_aHis Yahya Kemal külliyatı, _v3 |
|
| 440 | 0 |
_aYahya Kemal Enstitüsü yayımları, _v6 |
|
| 490 | 0 |
_aİstanbul Fetih Cemiyeti neşriyatı, _v50 |
|
| 500 | _aBound with Omar Khayyām. Hayyam rubâîlerini Türkçe söyleyiş [İstanbul] 1963. | ||
| 999 |
_c50401 _d50401 |
||